000 00841nam a2200289Ia 4500
003 OSt
005 20221005090332.0
006 a|||||r|||| 00| 0
007 ta
008 221004b |||||||| |||| 00| 0 eng d
020 _a0582492351
024 _a42727
037 _cTextual
040 _aCRL
_cCRL
_beng
041 _2eng
_aeng
082 _aO111,3:gM, M5
100 _aWheeler Michael
110 _aGift from Prof Amitava Banerjee, London
245 0 _aEnglish fiction of the Victorian period
_b 1830-1890
260 _aNew York
_bLongman USA
_c1985
300 _a265p.
_ccm.
490 _aLongman Literature in English Series
650 _aENGLISH LITERATURE
700 _aGift from Prof Amitava Banerjee, London
942 _hO111,3:gM, M5
_cTEXL
_2cc
999 _c995627
_d995627